Mihail Sadoveanu : 100 años desde su nacimiento 1880-1980
Պահպանված է:
| Հիմնական հեղինակ: | |
|---|---|
| Ձևաչափ: | Գիրք |
| Լեզու: | Undetermined |
| Հրապարակվել է: |
Bucarest, Rumania
Cartea Romaneasca
[1980]
|
| Խորագրեր: | |
| Ցուցիչներ: |
Ավելացրեք ցուցիչ
Չկան պիտակներ, Եղեք առաջինը, ով նշում է այս գրառումը!
|
MARC
| LEADER | 00000nam a2200000Ia 4500 | ||
|---|---|---|---|
| 008 | 170316s9999 xx 000 0 und d | ||
| 040 | |a cru BVZT | ||
| 090 | |a 859 S-1m | ||
| 100 | |a Sadoveanu, Mihail | ||
| 245 | |a Mihail Sadoveanu : 100 años desde su nacimiento 1880-1980 | ||
| 260 | |a Bucarest, Rumania | ||
| 260 | |b Cartea Romaneasca | ||
| 260 | |c [1980] | ||
| 300 | |a 63 páginas | ||
| 650 | |a LITERATURA RUMANA | ||
| 650 | |a EN IDIOMA ESPAÑOL | ||
| 999 | |c 8271 |d 8271 | ||
| 942 | |c 15 D |h 859 S-1m |2 z | ||
